Music Quiz

Random Music Quiz

Brothers Are We Lyrics Quiz Stats

 Plays Quiz not verified by Sporcle

Score 0/14 Timer 10:00
0 Plays Today
Blank Answer % Correct
Bound by the ____ ____ ____ties of friendship
99.2%
Bound by the ____ ____ ____ties of truth
99.2%
Ideals to show us ____,service
95.2%
Brothers are we in ____ ____ ____,Phi Sigma Pi
94.4%
____ and ____.love, loyalty
92.7%
For you is service ____,honor
92.7%
We pledge our ____ to you.lives
92.7%
Blank Answer % Correct
____ ____ ____Phi Sigma Pi
92.7%
____ are we forever,Brothers
91.1%
____ the teacher,Knowledge
88.7%
To keep our ____ true.standards
86.3%
Through all the ____ together,years
84.7%
____ the means of lifeskills
83.9%
____ ever to live or die;Fellowship
79%

You're not logged in!

Compare scores with friends on all Sporcle quizzes.
OR
Log In

Show Comments

Extras

Created Nov 5, 2010ReportNominate
Tags:brother

Top Quizzes Today


Score Distribution

Your Account Isn't Verified!

In order to create a playlist on Sporcle, you need to verify the email address you used during registration. Go to your Sporcle Settings to finish the process.

Report this User

Report this user for behavior that violates our Community Guidelines.

Details: